zpět

Detail výsledku týmu

Eden, Heřmanův Městec

Datum a čas kvízu

19.5 Celkem bodů Celkový počet nahraných bodů na tomto kvízu bez doplňovacích otázek.
7. Pořadí na kvízu Konečné umístění týmu na tomto kvízu.

Zaznamenané odpovědi

# Otázka Odpověď Body Výsledky
1. Jedna kavárna na Šumavě zařadi... o smažený sýr 1
2. Na Světovém ekonomickém fóru v... Václava Havla 1
3. Který hororový snímek získal v... Hříšníci/Sinners 0
4. Společnost Ryanair se dostala... o Elona Muska 0
5. Která tenistka zaujala při vst... Naomi Ósaka 0
6. Jak se jmenuje italský horolez... Reinhold Messner 0
7. Jak se trojslovně jmenuje disc... lezení na obtížnost 1
8. Jak se jmenuje tento základní... dračí smyčka 0
9. Za půl bodu napište jméno ikon... Matterhorn, Švýcarsko a Itálie 0.5
10. Jak se jmenuje fenomenální slo... B) Janja Garnbret 0